Riconosci 200 italiani famosi dalla foto - Statistics

Statistiche generali
  • Questo quiz è stato fatto 1.074 volte
  • Il punteggio medio è 101 su 200
Statistiche sulle risposte
con Immagini Risposta % Corretto
Giorgia Meloni
93%
Silvio Berlusconi
93%
Sergio Mattarella
92%
Matteo Salvini
91%
Matteo Renzi
90%
Benito Mussolini
87%
Dante Alighieri
87%
Padre Pio
86%
Giuseppe Garibaldi
85%
Mario Draghi
85%
Fedez
84%
Gianni Morandi
84%
Amadeus
83%
Gerry Scotti
83%
Jovanotti
83%
Maneskin
82%
Roberto Benigni
82%
Chiara Ferragni
81%
Giovanni Falcone
81%
Beppe Grillo
80%
Checco Zalone
80%
Elettra Lamborghini
80%
Laura Pausini
80%
Luciano Pavarotti
80%
Paolo Bonolis
80%
Raffaella Carrà
80%
Aldo, Giovanni e Giacomo
79%
Carlo Conti
79%
Gianluigi Buffon
79%
Marco Mengoni
79%
Rosario Fiorello
79%
Tiziano Ferro
79%
Eros Ramazzotti
78%
Maurizio Costanzo
78%
Paolo Borsellino
78%
Andrea Bocelli
77%
Sfera Ebbasta
77%
Valentino Rossi
77%
Adriano Celentano
76%
Barbara D'Urso
76%
Federica Pellegrini
76%
Mahmood
76%
Vasco Rossi
76%
Alessandro Del Piero
75%
Gianluigi Donnarumma
75%
Giorgio Napolitano
75%
San Francesco d'Assisi
75%
Francesco Totti
74%
Giorgio Chiellini
74%
Camillo Benso Conte di Cavour
73%
Luciano Ligabue
73%
Piero Angela
73%
Christian De Sica
72%
Fabri Fibra
72%
Giacomo Leopardi
72%
Totò
72%
Antonella Clerici
70%
Lucio Dalla
70%
Alessandro Manzoni
69%
Andrea Pirlo
69%
Antonello Venditti
69%
Gabriele D'Annunzio
69%
Sophia Loren
69%
Ezio Greggio
68%
Fabio Fazio
68%
Fabrizio De André
68%
Leonardo Bonucci
67%
Massimo Boldi
67%
Roberto Baggio
67%
Marcell Jacobs
66%
Sandro Pertini
66%
Matteo Berrettini
65%
Marracash
64%
Mina
64%
Rita Levi-Montalcini
64%
Fabio Cannavaro
63%
Francesco Petrarca
63%
Giorgio Armani
63%
Giulio Andreotti
63%
Leonardo da Vinci
62%
Lucio Battisti
62%
Paolo Maldini
62%
Enrico Mentana
61%
Giuseppe Verdi
61%
Totò Riina
61%
Ugo Foscolo
61%
Carlo Ancelotti
60%
Khaby Lame
60%
Niccolò Machiavelli
60%
Antonio Gramsci
59%
Gianmarco Tamberi
59%
Pierfrancesco Favino
58%
Aldo Moro
57%
Giovanni Boccaccio
57%
Mike Bongiorno
57%
Dolce e Gabbana
56%
Luigi Pirandello
56%
Monica Bellucci
56%
Pippo Baudo
56%
Enrico Letta
55%
Paolo Villaggio
55%
Jury Chechi
53%
Pier Paolo Pasolini
53%
Bettino Craxi
52%
Dino Zoff
51%
Franco Baresi
51%
Marco Pantani
51%
Margherita Hack
51%
Alberto Sordi
49%
Rino Gaetano
49%
Vittorio Emanuele II
49%
Galileo Galilei
48%
Giovanni XXIII
48%
Cristoforo Colombo
47%
Enrico Berlinguer
46%
Eugenio Montale
46%
Giuseppe Ungaretti
46%
Raffaello Sanzio
46%
Caravaggio
45%
Alberto Tomba
44%
Antonio Vivaldi
42%
Vittorio Gassman
42%
Dario Fo
41%
Giovanni Pascoli
40%
Giuseppe Mazzini
39%
Marcello Mastroianni
39%
Michelangelo Buonarroti
38%
Giovanni Versace
37%
Giovanni Verga
36%
Paolo Sorrentino
36%
Umberto I
36%
Vittorio Emanuele III
36%
Fausto Coppi
35%
Lorenzo de Medici
35%
Margherita di Savoia
35%
Vittorio De Sica
35%
Enzo Ferrari
33%
Giuseppe Meazza
33%
Gianni Rivera
32%
Luigi Cadorna
32%
Pietro Mennea
32%
Anna Magnani
31%
Domenico Modugno
31%
Giordano Bruno
31%
Giovanni Giolitti
31%
Pio XII
31%
Santa Caterina da Siena
31%
Umberto Eco
31%
Dario Argento
30%
Giosuè Carducci
30%
Italo Calvino
29%
Niccolò Paganini
29%
Enrico Fermi
28%
Renzo Piano
27%
Federico Fellini
26%
Giacinto Facchetti
26%
Primo Levi
26%
Alcide De Gasperi
25%
Eduardo De Filippo
25%
Sergio Leone
24%
Ennio Morricone
22%
Grazie Deledda
22%
Guglielmo Marconi
22%
Giancarlo Giannini
21%
Italo Svevo
21%
Torquato Tasso
21%
Giotto
20%
Gioacchino Rossini
19%
Ludovico Ariosto
19%
Ugo Tognazzi
19%
Marco Polo
18%
Rodolfo Valentino
18%
Salvatore Quasimodo
18%
Sandro Botticelli
18%
Palmiro Togliatti
17%
Amerigo Vespucci
16%
Carlo Goldoni
16%
Tazio Nuvolari
16%
Lucky Luciano
15%
Alessandro Volta
14%
Donatello
14%
Giacomo Puccini
14%
Gian Lorenzo Bernini
13%
San Tommaso d'Aquino
13%
Antonio Stradivari
12%
Benedetto Croce
11%
Arturo Toscanini
10%
Cesare Beccaria
9%
Francesco Borromini
9%
Tiziano Vecellio
9%
Antonio Canova
8%
Antonio Meucci
7%
Lucio Fontana
7%
Carlo Collodi
6%
Enrico Caruso
6%
Filippo Brunelleschi
6%
Andrea Mantegna
5%
Piero della Francesca
5%
Giovanni Caboto
4%
Camillo Golgi
3%
Nessun quiz corrispondente trovato
Distribuzione punteggi
Percentuale di utenti per punteggio
Percentile per numero di risposta
I tuoi punteggi nel tempo
Non hai fatto questo quiz